FOOD PRESENTATION (Record no. 21035)
[ view plain ]
| 000 -LEADER | |
|---|---|
| fixed length control field | 00281nam a22001337a 4500 |
| 003 - CONTROL NUMBER IDENTIFIER | |
| control field | SGT |
| 020 ## - INTERNATIONAL STANDARD BOOK NUMBER | |
| International Standard Book Number | 978-81-8204-043-4 |
| 082 ## - DEWEY DECIMAL CLASSIFICATION NUMBER | |
| Classification number | 641.3 |
| Item number | SIN |
| 100 ## - MAIN ENTRY--PERSONAL NAME | |
| Personal name | SINGH, D.K. |
| 245 ## - TITLE STATEMENT | |
| Title | FOOD PRESENTATION |
| 260 ## - PUBLICATION, DISTRIBUTION, ETC. (IMPRINT) | |
| Place of publication, distribution, etc | DELHI |
| Name of publisher, distributor, etc | AMAN PUB. |
| Year of Publication | 2018 |
| 300 ## - PAGE DESCRIPTION | |
| No. of Pages | 264 |
| 942 ## - ADDED ENTRY ELEMENTS (KOHA) | |
| Source of classification or shelving scheme | Dewey Decimal Classification |
| Koha item type | Books |
| Withdrawn status | Lost status | Source of classification or shelving scheme | Damaged status | Not for loan | Collection code | Home library | Current library | Date acquired | Vendor Name | Cost, normal purchase price | SGTU | Bill Number | Total Checkouts | Full call number | Accession No. (Barcode) | Date last seen | Bill Date | Koha item type |
|---|---|---|---|---|---|---|---|---|---|---|---|---|---|---|---|---|---|---|
| Dewey Decimal Classification | HOTEL MANAGEMENT | SGT Science & Social Sciences Library | SGT Science & Social Sciences Library | 22/04/2021 | JINDAL | 750.00 | SGTU | 2230 | 641.3 SIN | HM1066 | 22/04/2021 | 24/03/2021 | Books | |||||
| Dewey Decimal Classification | HOTEL MANAGEMENT | SGT Science & Social Sciences Library | SGT Science & Social Sciences Library | 22/04/2021 | JINDAL | 750.00 | SGTU | 2230 | 641.3 SIN | HM1067 | 22/04/2021 | 24/03/2021 | Books | |||||
| Dewey Decimal Classification | HOTEL MANAGEMENT | SGT Science & Social Sciences Library | SGT Science & Social Sciences Library | 22/04/2021 | JINDAL | 750.00 | SGTU | 2230 | 641.3 SIN | HM1068 | 22/04/2021 | 24/03/2021 | Books | |||||
| Dewey Decimal Classification | HOTEL MANAGEMENT | SGT Science & Social Sciences Library | SGT Science & Social Sciences Library | 22/04/2021 | JINDAL | 750.00 | SGTU | 2230 | 641.3 SIN | HM1069 | 22/04/2021 | 24/03/2021 | Books |